000 01331nam a2200277 i 4500
001 61138
003 ES-MaACL
005 20250815020641.0
007 t|
008 031110s1970 sp ae ||||1| spa d
080 _a39(377 Pompeya)
080 _a308(377 Pompeya)
100 1 _aEtienne, Robert.
_948289
245 1 3 _aLa vida cotidiana en Pompeya /
_cRobert Etienne ; traducción, José Antonio Míguez ; con dos notas de A. García y Bellido.
260 _a[Madrid] :
_bAguilar,
_c[1970]
300 _aXIV, 397 p., [1] h. de plano :
_bil. ;
_c21 cm.
490 1 _aBiblioteca de cultura e historia
505 8 _aContiene: Catástrofe y resurrecciones ; Actividades y hombres: el peso del pasado, fiebre electoral ; El mundo de los negocios ; El mundo del trabajo ; Presencia de lo sagrado ; Placeres y juegos: casas y jardines, el universo de la pintura pompeyana, calles de los vivos, calles de los muertos ; Educación y cultura ; Deporte y ocio
651 4 _aPompeya (Ciudad desaparecida)-
_xUsos y costumbres.
_9173242
651 4 _aPompeya (Ciudad desaparecida)-
_xSituación social.
_9173234
700 1 _aMíguez, José Antonio.
_981053
700 1 _aGarcía y Bellido, Antonio.
_955426
830 1 0 _aBiblioteca cultura e historia
_9183279
852 _aES-MaACL
_jC-38789
999 _c61138
_d61138